000 01204nam a22003137a 4500
001 000052565
003 DO-SdBNP
005 20180313105806.0
007 000052565
008 160510b 2000 dr a || 00| 0 spa d
040 _aBNPHU
_bspa
_cBNPHU
082 _a373.83
_bC719g, 2000
100 1 _aColón, Juan
245 1 0 _aGeografía mundial /
_cJuan Colón
250 _a4ta ed.
260 0 _aSanto Domingo :
_bEducando,
_c2000
300 _a126 p. :
_bil., mapas, retrs. ;
_c28 cm.
500 _aAprobado por la Secretaría de Estado de Educación y Cultura, como texto básico para el primer grado del primer ciclo de la educación media, en fecha 28 de julio de 1998.
500 _aIncluye datos biográficos del autor en la solapa de la contracubierta.
650 4 _aGEOGRAFÍA
_xENSEÑANZA SECUNDARIA
650 4 _aGEOGRAFÍA
_xESTUDIOS Y EJERCÍCIOS
650 4 _aGEOGRAFÍA
_xLIBROS DE TEXTOS
650 4 _aGEOGRAFÍA
_xEDUCACIÓN SECUNDARIA
650 4 _aEDUCACIÓN SECUNDARIA
_zREPÚBLICA DOMINICANA
910 _aValidado. Control de calidad MFF
942 _2ddc
_cBK
945 _aRemanejado para la Bib. BNPHU, 2018/ YL
956 _2LOPEREZ
_310
_620161005
_8BPMSU
_a00041
999 _c10063
_d10063